Reflexiones sobre religión y modernidad
Enregistré dans:
| Auteur principal: | |
|---|---|
| Format: | Livre |
| Langue: | espagnol |
| Publié: |
Bilbao
Universidad de Deusto
1996
|
| Édition: | 1a. ed |
| Collection: | Cuadernos de Teología Deusto, 10
|
| Sujets: | |
| Tags: |
Ajouter un tag
Pas de tags, Soyez le premier à ajouter un tag!
|
MARC
| LEADER | 00000nam a2200000 a 4500 | ||
|---|---|---|---|
| 001 | UCJ8985 | ||
| 003 | CL-VaPUC | ||
| 008 | 070126e19960000SP |||||||||||||||||spa|d | ||
| 020 | |a 8474854687 | ||
| 082 | 0 | 4 | |a 261.1 |b ISA |2 21 |
| 100 | 0 | |a Isasi, Juan María |e author |9 518835 | |
| 245 | 1 | 0 | |a Reflexiones sobre religión y modernidad |
| 250 | |a 1a. ed | ||
| 300 | |a 49 p | ||
| 942 | |c BK | ||
| 945 | |d 20070126 00:00:00 |a lvergara | ||
| 260 | |a Bilbao |b Universidad de Deusto |c 1996 | ||
| 650 | 7 | |a RELIGION Y CULTURA |2 CL-VaPUC |9 316319 | |
| 650 | 0 | |a Cristianismo y cultura |9 315246 | |
| 650 | 0 | |a Sociedad |9 307903 | |
| 650 | 0 | |a Religión y sociedad |9 380181 | |
| 650 | 0 | |a Modernidad |9 265371 | |
| 583 | |a last modification |c 20070126 00:00:00 |k Rodrigo Vera | ||
| 490 | 0 | |a Cuadernos de Teología Deusto, 10 | |
| 999 | |c 324628 |d 324626 | ||
| 952 | |0 0 |1 0 |4 0 |6 261_100000000000000_ISA_1996 |7 0 |8 A |9 404901 |a BIBTEO |b BIBTEO |d 2019-11-22 |i 4311256 |o 261.1 ISA 1996 |p 4311256 |r 2025-01-17 |w 2019-11-22 |y BK |k ICR | ||